000
00297nam a22001217a 4500
008
160510b xxu||||| |||| 00| 0 eng d
020
_a
9780827390713
020
_a
0827390718
041
_a
eng
080
_a
616.31
245
_a
Dental assisting exam review:
_c
Melissa Thibodeaux;
942
_2
udc
_c
BK
999
_c
1930
_d
1930